00527 a2200157 4500020001500000050001100015100003800026245007700064264002600141300001800167500005400185504005400239650002400293650002500317650002700342 a094922556800aLA15911 aMoyana, Toby Tafirenyika.eauthor10aEducation, liberation, and the creative act /c Toby Tafirenyika Moyana. aHarare:bZ.P.H,c1998 avi, 146 p. : aIncludes bibliographical references (p. 137-140). aIncludes bibliographical references (p. 137-140). 0aEducationxHistory. 0aEducation, Colonial. 0aEducationxPhilosophy.